01100nam a2200193Ia 4500001001100000003001000011008004100021040002500062041001400087100002400101245004800125250001100173260004300184300001200227500026000239501011400499520026000613650003300873L840-34084IT-CnALBA170116s9999||||xx |||||||||||||| ||und|| aIT-CnALBAcIT-CnALBA aFRANCESE  aBALZAC HONORÈ DE, 0aLES PAYSANS: SCENES DE LA VIE DE CAMPAGNE.  a1a ed. a PARISbCALMANN-LEVY, EDITEURS. cn.d. a364 p.  aSCENE DI VITA AGRESTE. I CONTADINI. IL CASTELLO. MANCATA BUCOLICA DI VIRGILIO. LA BETTOLA. IDILLIO. STORIA DI LADRI. SPECIE SOCIALI SCOMPARSE. GRANDI RIVOLUZIONI DI UN PICCOLO PAESE. LA MEDIOCRAZIA. MELANCONIA DI UNA DONNA FELICE. BETTOLA, LUOGO D'INCONTR aSocietà San Paolo EM - Piazza San Paolo, 14 - 12051 ALBA (CN) (non commercial uses only) ® Copyright 2017 aSCENE DI VITA AGRESTE. I CONTADINI. IL CASTELLO. MANCATA BUCOLICA DI VIRGILIO. LA BETTOLA. IDILLIO. STORIA DI LADRI. SPECIE SOCIALI SCOMPARSE. GRANDI RIVOLUZIONI DI UN PICCOLO PAESE. LA MEDIOCRAZIA. MELANCONIA DI UNA DONNA FELICE. BETTOLA, LUOGO D'INCONTR aLETTERATURA FRANCESE E ALTRE